Üdvözlet Beszterczebanyáról "Hungaria szálloda"

Zobrazenie: Na bielom podklade pohľad na ulicu, ktorá sa rozdvojuje a každá z nich je po oboch stranách lemovaná domami. V popredí vľavo je na ulici voz s dvoma koňmi, na ktorom sedí muž. Vpravo na ulici stojí voz s dvoma koňmi a pri ňom stoja dvaja muži

Bibliographic Details
Format: Photo
Language:Hungarian
PhysicalDescription:1 pohľadnica tónovaná do zelena 9 x 14 cm
Published: [Slovensko?] Jlona műintézet [1900?]
Subjects:

MARC

LEADER 00000nkm a2200000 a 4500
001 vtls011987133
003 SK-MaSNL
005 20260301225945.0
007 kf ao
008 230706q1900 xo g 0kuhun
015 |a SNBG1900 
035 |a urn:nbn:sk:snk-km00fcfh 
035 |a urn:nbn:sk:snk-km45u1k 
035 |a BBFDE420-AC09-4DB9-9E08-1F2A034B560A 
040 |a SNK  |b slo  |c SNK  |e AACR2 
041 0 |a hun 
043 |a e-xo--- 
044 |a xo  |c SK 
072 7 |a 913  |x Regionálna geografia  |2 konspekt 
080 |a 913(437.6)  |2 2011 
080 |a 721  |2 2011 
080 |a 94(084.121)  |2 2011 
080 |a 711.73  |2 2011 
080 |a 640.412  |2 2011 
245 0 0 |a Üdvözlet Beszterczebanyáról  |h grafika  |b "Hungaria szálloda" 
260 |a [Slovensko?]  |b Jlona műintézet  |c [1900?] 
300 |a 1 pohľadnica  |b tónovaná do zelena  |c 9 x 14 cm 
500 |a Názvové údaje prevzaté z obrazovej časti pohľadnice 
500 |a Na obrazovej časti uvedené: "Minden utánzás tilos" 
520 8 |a Zobrazenie: Na bielom podklade pohľad na ulicu, ktorá sa rozdvojuje a každá z nich je po oboch stranách lemovaná domami. V popredí vľavo je na ulici voz s dvoma koňmi, na ktorom sedí muž. Vpravo na ulici stojí voz s dvoma koňmi a pri ňom stoja dvaja muži 
650 0 7 |a budovy  |2 SNKPH  |9 1283 
650 0 7 |a ulice  |2 SNKPH  |9 2938 
650 0 7 |a hotely  |2 SNKPH  |9 18422 
651 7 |a Banská Bystrica (Slovensko)  |2 SNKPHgeo  |9 22015 
655 7 |a miestne pohľadnice  |2 SNKPH  |9 70510 
655 7 |a historické pohľadnice  |2 SNKPH  |9 159703 
852 |a Slovenská národná knižnica 
958 |a ONDV 
958 |a GBN 
958 |a GC 
999 |c 952939  |d 954869 
952 |a SNK  |b SNK  |y PREZ  |7 0  |p 17A1436511  |o snkSP 55172  |z Pohľadnica prešla poštou.  |0 0  |1 0  |4 0  |d 2020-08-13  |f 1  |l 0  |r 2026-02-24 09:54:11  |w 2026-02-24